000 00801nam a2200241 4500
999 _c174508
_d174508
003 Nust
005 20180118110450.0
008 170130b xxu||||| |||| 00| 0 eng d
020 _a978-81-203-0054-5
040 _cNust
082 _a621.3 JOR
100 _aJordan, Edward C.
245 _aElectromagnetic waves and radiating systems
250 _a2nd ed.
260 _aNew Delhi, India
_bPHI Learning
_c2013
300 _axiii, 753 p.
_bill. ;
490 _aPrentice-Hall electrical engineering series
500 _aIncludes bibliographies.
650 _aElectrical engineering.
700 _aBalmain, Keith George
942 _cBK
_2ddc